000 00348 a2200157 4500
001 151001
040 _cEscola São Tomás de Aquino
100 _aSOUSA, Mauricio de
240 1 0 _aO príncipe sapo
_lpor
245 1 0 _aO príncipe sapo
300 _a16
362 0 _a2008
440 1 _aGirassol
697 _a*LITERATURA INFANTIL
942 _cBK
999 _c151001
_d151001